[Event "Vladimir Dvorkovich Mem"]
[Site "Taganrog RUS"]
[Date "2015.01.18"]
[Round "1.1"]
[White "Riazantsev, A."]
[Black "Tsapulin, Anatoly"]
[Result "1-0"]
[WhiteElo "2684"]
[BlackElo "2215"]
[PlyCount "53"]
[EventDate "2015.01.18"]
[EventType "swiss"]
[EventRounds "9"]
[EventCountry "RUS"]

[SourceDate "2015.01.19"]

1. d4 Nf6 2. c4 g6 3. Nc3 Bg7 4. e4 d6 5. f3 O-O 6. Be3 e5 7. Nge2 Nc6 8. d5
Ne7 9. g4 Ne8 10. Qd2 f5 11. g5 f4 12. Bf2 c5 13. h4 a6 14. Nc1 Rb8 15. a3 Bd7
16. b4 b6 17. Rb1 Qc8 18. a4 Nc7 19. a5 cxb4 20. Rxb4 bxa5 21. Rxb8 Qxb8 22. c5
Ne8 23. c6 Bc8 24. Na4 Qb4 25. Qxb4 axb4 26. Bb6 Rf7 27. Ba5 1-0

[Event "Vladimir Dvorkovich Mem"]
[Site "Taganrog RUS"]
[Date "2015.01.18"]
[Round "1.2"]
[White "Travkina, A."]
[Black "Khismatullin, D."]
[Result "0-1"]
[WhiteElo "2213"]
[BlackElo "2673"]
[PlyCount "81"]
[EventDate "2015.01.18"]
[EventType "swiss"]
[EventRounds "9"]
[EventCountry "RUS"]

[SourceDate "2015.01.19"]

1. e4 c5 2. Nf3 d6 3. d4 cxd4 4. Nxd4 Nf6 5. Nc3 a6 6. Be2 Nbd7 7. O-O g6 8.
Be3 Bg7 9. f4 O-O 10. Bf3 Re8 11. Nb3 Qc7 12. g4 Nb6 13. Nd2 Be6 14. g5 Nfd7
15. Qe1 Rac8 16. Qf2 Nc4 17. Nxc4 Bxc4 18. Rfd1 b5 19. a3 Rb8 20. Qd2 Nb6 21.
Rab1 Be6 22. Bd4 Nc4 23. Qf2 Bxd4 24. Qxd4 Rec8 25. Re1 Nxa3 26. Rbc1 Qc5 27.
Qf2 Nc4 28. Nd1 Qxf2+ 29. Kxf2 a5 30. Ne3 Nxb2 31. f5 Bc4 32. Rb1 Na4 33. Ra1
Rc5 34. Kg3 Kf8 35. h4 Ke8 36. h5 Kd7 37. Rh1 gxf5 38. exf5 Rg8 39. Kf4 e5+ 40.
Kg4 d5 41. f6 0-1

[Event "Vladimir Dvorkovich Mem"]
[Site "Taganrog RUS"]
[Date "2015.01.18"]
[Round "1.3"]
[White "Fedoseev, Vl3"]
[Black "Mashkov, Sergey"]
[Result "1-0"]
[WhiteElo "2668"]
[BlackElo "2209"]
[PlyCount "61"]
[EventDate "2015.01.18"]
[EventType "swiss"]
[EventRounds "9"]
[EventCountry "RUS"]

[SourceDate "2015.01.19"]

1. d4 Nf6 2. c4 g6 3. Nc3 Bg7 4. g3 O-O 5. Bg2 d6 6. Nf3 Nbd7 7. O-O e5 8. Qc2
c6 9. Rd1 Re8 10. b3 Qb6 11. h3 e4 12. Nh2 Nf8 13. Bg5 Nh5 14. Ng4 Ne6 15. Be3
f5 16. d5 Qa5 17. Nh6+ Kf8 18. Nxe4 fxe4 19. dxe6 Bxa1 20. Rxa1 Bxe6 21. Rd1
Rad8 22. Qxe4 Qe5 23. Qh4 Nxg3 24. Qxg3 Qxg3 25. fxg3 Kg7 26. Bg5 Rd7 27. e4
Rf8 28. Ng4 Bxg4 29. hxg4 h6 30. Bf4 Rfd8 31. g5 1-0

[Event "Vladimir Dvorkovich Mem"]
[Site "Taganrog RUS"]
[Date "2015.01.18"]
[Round "1.4"]
[White "Litvinov, Maxim"]
[Black "Kokarev, Dm"]
[Result "1/2-1/2"]
[WhiteElo "2192"]
[BlackElo "2645"]
[PlyCount "165"]
[EventDate "2015.01.18"]
[EventType "swiss"]
[EventRounds "9"]
[EventCountry "RUS"]

[SourceDate "2015.01.19"]

1. e4 c5 2. Nf3 d6 3. d4 Nf6 4. Nc3 cxd4 5. Nxd4 a6 6. Be3 e5 7. Nb3 Be6 8. h3
Nbd7 9. g4 h6 10. Qe2 Rc8 11. Bg2 Be7 12. Nd5 Bxd5 13. exd5 Nb6 14. O-O-O Nc4
15. Kb1 Nd7 16. Bc1 O-O 17. Be4 Bh4 18. Rhg1 Re8 19. Rg2 Nf8 20. Rdg1 f6 21. f3
b5 22. Nd2 Qb6 23. Nxc4 bxc4 24. c3 Rc7 25. Be3 Qa5 26. Ka1 Rb8 27. Bf2 Bxf2
28. Rxf2 Qc5 29. h4 Rcb7 30. Rb1 Rf7 31. Rg2 g6 32. Qc2 Kg7 33. Rf1 Re8 34. Rh1
Rb8 35. Qd2 Re8 36. a3 Rb7 37. Qc1 Reb8 38. g5 fxg5 39. h5 Nh7 40. Bxg6 Nf6 41.
Be4 Kh8 42. Rhg1 Rf8 43. Qc2 Rb3 44. Ka2 Qe3 45. Qe2 Qxe2 46. Rxe2 Rb5 47. a4
Ra5 48. b4 cxb3+ 49. Kxb3 Rb8+ 50. Ka3 Nd7 51. Bc2 Rxd5 52. f4 exf4 53. Re6 Nf8
54. Rf6 Kg7 55. Rxf4 Nd7 56. Bb3 Rxb3+ 57. Kxb3 Nc5+ 58. Kc4 Re5 59. Rd4 Ne4
60. Kd3 Nc5+ 61. Kc4 Ne4 62. Rb1 g4 63. Rg1 Rg5 64. Kd3 Nf6 65. Rxd6 Rxh5 66.
Rxa6 Rf5 67. Rb6 h5 68. Rb5 Rf3+ 69. Kd2 Ne4+ 70. Ke1 Rxc3 71. Ke2 Kg6 72. Ra1
Rc6 73. Ke3 Re6 74. Kf4 Nd6 75. Rg5+ Kh6 76. Rg8 Re4+ 77. Kg3 h4+ 78. Kh2 Nf5
79. Rf1 Nd4 80. Rff8 Re2+ 81. Kg1 Nf3+ 82. Kf1 Ra2 83. Rh8+ 1/2-1/2

[Event "Vladimir Dvorkovich Mem"]
[Site "Taganrog RUS"]
[Date "2015.01.18"]
[Round "1.5"]
[White "Volkov, Sergey1"]
[Black "Iliushkin, E."]
[Result "1-0"]
[WhiteElo "2618"]
[BlackElo "2189"]
[PlyCount "65"]
[EventDate "2015.01.18"]
[EventType "swiss"]
[EventRounds "9"]
[EventCountry "RUS"]

[SourceDate "2015.01.19"]

1. d4 Nf6 2. c4 e6 3. Nf3 Bb4+ 4. Nbd2 O-O 5. a3 Be7 6. e4 d5 7. e5 Ne4 8. Qc2
f5 9. exf6 Nxf6 10. Bd3 b6 11. O-O c5 12. dxc5 bxc5 13. b3 Qc7 14. Bb2 h6 15.
Be5 Bd6 16. Rfe1 Nc6 17. Bxd6 Qxd6 18. cxd5 exd5 19. Rac1 Nd7 20. b4 Nd4 21.
Nxd4 cxd4 22. Qc7 Qf6 23. Nf3 Nb6 24. Rc6 Qd8 25. Re7 Qxc7 26. Rcxc7 Bd7 27.
Rcxd7 Nxd7 28. Rxd7 Rfc8 29. h4 Rc3 30. Bg6 Rxa3 31. Nxd4 Ra6 32. h5 Rb6 33.
Nf5 1-0

[Event "Vladimir Dvorkovich Mem"]
[Site "Taganrog RUS"]
[Date "2015.01.18"]
[Round "1.6"]
[White "Konaplev, Anton"]
[Black "Goganov, A."]
[Result "0-1"]
[WhiteElo "2155"]
[BlackElo "2615"]
[PlyCount "122"]
[EventDate "2015.01.18"]
[EventType "swiss"]
[EventRounds "9"]
[EventCountry "RUS"]

[SourceDate "2015.01.19"]

1. c4 Nf6 2. Nc3 e5 3. Nf3 Nc6 4. g3 d5 5. cxd5 Nxd5 6. Bg2 Nb6 7. O-O Be7 8.
Rb1 a5 9. d3 Be6 10. a3 O-O 11. Be3 Nd5 12. Nxd5 Bxd5 13. Qa4 Re8 14. Rbc1 Bf8
15. Nd2 Bxg2 16. Kxg2 Nd4 17. Bxd4 exd4 18. Rfe1 Qd5+ 19. Nf3 c5 20. Qb5 Re6
21. Rc4 Qd8 22. Rc2 Rb6 23. Qa4 Qd5 24. Kg1 Re6 25. Qb5 b6 26. a4 Rae8 27. b3
R8e7 28. Qc4 Qh5 29. Kg2 Rf6 30. Ng1 Rh6 31. h3 Rhe6 32. Rb2 Qf5 33. Qc1 Qd5+
34. Nf3 Re8 35. Qc4 Qb7 36. Kg1 Rg6 37. Kh2 Bd6 38. Qc1 Qc7 39. Rg1 Qd7 40. Qf1
Bb8 41. Qg2 Rge6 42. Re1 f5 43. h4 Rg6 44. Qh3 Qd5 45. Ng5 h6 46. Nf3 h5 47.
Rg1 Rg4 48. Kg2 f4 49. Kf1 fxg3 50. fxg3 Qe6 51. Qh2 Qd6 52. Kf2 Re3 53. Qg2
Qg6 54. Qh3 Qe6 55. Qh1 Kh8 56. Kf1 Bxg3 57. Qh3 Bf4 58. Qh1 Qg6 59. Rxg4 hxg4
60. h5 Qf6 61. Ng1 Bg3+ 0-1

[Event "Vladimir Dvorkovich Mem"]
[Site "Taganrog RUS"]
[Date "2015.01.18"]
[Round "1.7"]
[White "Korneev, O."]
[Black "Sukhareva, E."]
[Result "1-0"]
[WhiteElo "2591"]
[BlackElo "2171"]
[PlyCount "79"]
[EventDate "2015.01.18"]
[EventType "swiss"]
[EventRounds "9"]
[EventCountry "RUS"]

[SourceDate "2015.01.19"]

1. e4 c5 2. Nf3 e6 3. d4 cxd4 4. Nxd4 a6 5. Bd3 Qb6 6. c3 d6 7. O-O Nf6 8. Qe2
Be7 9. Be3 Qc7 10. c4 Nbd7 11. Nc3 b6 12. f4 Bb7 13. Rac1 Nc5 14. Bf2 Nxd3 15.
Qxd3 Rc8 16. b3 g6 17. h3 O-O 18. f5 gxf5 19. exf5 e5 20. Nc2 Kh8 21. Ne3 Rg8
22. Kh1 Ba8 23. Bh4 Qd8 24. Bxf6+ Bxf6 25. Ned5 Bg5 26. Rc2 f6 27. Ne4 b5 28.
Kh2 bxc4 29. bxc4 Rb8 30. g3 Rf8 31. h4 Bh6 32. Kh3 Rf7 33. Qa3 Bxd5 34. cxd5
Rb6 35. Rf3 Kg7 36. Qc3 Qd7 37. Qc8 Qa4 38. Nxf6 Rxf6 39. Rc7+ Rf7 40. f6+ 1-0

[Event "Vladimir Dvorkovich Mem"]
[Site "Taganrog RUS"]
[Date "2015.01.18"]
[Round "1.8"]
[White "Bogdanov, R."]
[Black "Shimanov, A."]
[Result "0-1"]
[WhiteElo "2149"]
[BlackElo "2591"]
[PlyCount "59"]
[EventDate "2015.01.18"]
[EventType "swiss"]
[EventRounds "9"]
[EventCountry "RUS"]

[SourceDate "2015.01.19"]

1. b3 e5 2. Bb2 Nc6 3. e3 g6 4. f4 Bg7 5. Nf3 d6 6. fxe5 Nxe5 7. Nxe5 dxe5 8.
Nc3 Be6 9. Qf3 c6 10. O-O-O Qd7 11. Be2 O-O-O 12. d4 Nh6 13. Ne4 Bg4 14. Qf2
Bxe2 15. Qxe2 Qe7 16. Rhe1 f5 17. Nc5 Rhe8 18. Qd2 Nf7 19. Kb1 Nd6 20. c3 Bh6
21. Qf2 b6 22. Nd3 Ne4 23. Qg1 exd4 24. exd4 Bd2 25. Rxe4 fxe4 26. Ne5 e3 27.
Qf1 Kb7 28. a4 Qe6 29. Ka2 Rf8 30. Qd3 0-1

[Event "Vladimir Dvorkovich Mem"]
[Site "Taganrog RUS"]
[Date "2015.01.19"]
[Round "2.1"]
[White "Zakhartsov, Vl"]
[Black "Riazantsev, A."]
[Result "0-1"]
[WhiteElo "2421"]
[BlackElo "2684"]
[PlyCount "202"]
[EventDate "2015.01.18"]
[EventType "swiss"]
[EventRounds "9"]
[EventCountry "RUS"]

[SourceDate "2015.01.19"]

1. e4 e6 2. d4 d5 3. Nd2 Nc6 4. Ngf3 Nf6 5. e5 Nd7 6. Bb5 a6 7. Ba4 b5 8. Bb3
Na5 9. c3 Nxb3 10. axb3 b4 11. c4 c5 12. cxd5 exd5 13. Nf1 cxd4 14. Qxd4 Nc5
15. Qd1 a5 16. Bg5 Be7 17. Bxe7 Qxe7 18. Ne3 O-O 19. Nxd5 Qa7 20. O-O Be6 21.
Nxb4 Qb7 22. Nc2 Nxb3 23. Ra4 Nc5 24. Rh4 Qxb2 25. Nfd4 Rfd8 26. Qh5 h6 27.
Nxe6 Nxe6 28. Ne3 Rd4 29. f4 Qb6 30. Kh1 Re4 31. Nf5 Qf2 32. Qd1 Rd8 33. Qb1
Rb4 34. Qc1 Qd2 35. Qa1 Rxf4 36. Rhxf4 Nxf4 37. Rg1 Nd3 38. Rf1 Nf4 39. Rg1 Ne6
40. Rf1 Rb8 41. Qa4 Qd3 42. Ng3 Qd5 43. Nf5 Qxe5 44. Qg4 Kh8 45. Qh5 Qf6 46.
Ng3 Qg6 47. Qxa5 Rb1 48. Qa8+ Kh7 49. Qf3 Ng5 50. Qf2 Qd3 51. Rxb1 Qxb1+ 52.
Qf1 Qxf1+ 53. Nxf1 Kg6 54. g3 f5 55. Kg2 Ne6 56. Kf3 Kf6 57. h4 Ke5 58. Ke3 Nc7
59. Nd2 Nd5+ 60. Kf3 Kd4 61. Nb3+ Ke5 62. Nd2 g6 63. Nc4+ Ke6 64. Nb2 Nb4 65.
Nc4 Nd3 66. Ke3 Ne5 67. Nb6 Ng4+ 68. Kf4 Nf6 69. Kf3 Ke5 70. Nc4+ Kd5 71. Ne3+
Kd4 72. Nc2+ Ke5 73. Ne3 Ne4 74. Nc2 Nd2+ 75. Ke3 Nc4+ 76. Kf3 g5 77. hxg5 hxg5
78. Nb4 g4+ 79. Ke2 Kd4 80. Nd3 Nd6 81. Nf4 Ne4 82. Nh5 Kd5 83. Kf1 Ke5 84. Kg2
Kd4 85. Ng7 Nd6 86. Ne6+ Ke3 87. Ng7 Ke2 88. Ne6 Nc4 89. Nd4+ Kd3 90. Ne6 Ke3
91. Ng7 Ke2 92. Nh5 Ne3+ 93. Kg1 Kf3 94. Nf4 Kxg3 95. Ne2+ Kf3 96. Nd4+ Ke4 97.
Ne2 f4 98. Kf2 Nd5 99. Ng1 Nc3 100. Kf1 Ke3 101. Kg2 Ne2 0-1

[Event "Vladimir Dvorkovich Mem"]
[Site "Taganrog RUS"]
[Date "2015.01.19"]
[Round "2.2"]
[White "Khismatullin, D."]
[Black "Sarana, A."]
[Result "1-0"]
[WhiteElo "2673"]
[BlackElo "2413"]
[PlyCount "67"]
[EventDate "2015.01.18"]
[EventType "swiss"]
[EventRounds "9"]
[EventCountry "RUS"]

[SourceDate "2015.01.19"]

1. Nf3 Nf6 2. c4 g6 3. Nc3 d5 4. cxd5 Nxd5 5. Qb3 Nb6 6. d4 Bg7 7. Bf4 Be6 8.
Qa3 O-O 9. e3 N8d7 10. Be2 c5 11. dxc5 Nc4 12. Qb4 a5 13. Qb5 Rc8 14. Nd4 Rxc5
15. Qxb7 Ndb6 16. Nb3 Bc8 17. Qa7 Nxb2 18. Nxc5 Bxc3+ 19. Kf1 Qd5 20. Qxe7 N6c4
21. h4 Bb4 22. h5 Bxc5 23. Qh4 Bf5 24. Kg1 Re8 25. hxg6 Bxg6 26. Bh5 Nxe3 27.
Bxe3 Re4 28. Bf3 Bxe3 29. Bxe4 Bxe4 30. fxe3 Nc4 31. Rc1 Nd6 32. Rh3 Qd2 33.
Qg4+ Kf8 34. Rd1 1-0

[Event "Vladimir Dvorkovich Mem"]
[Site "Taganrog RUS"]
[Date "2015.01.19"]
[Round "2.3"]
[White "Korchmar, V."]
[Black "Fedoseev, Vl3"]
[Result "0-1"]
[WhiteElo "2405"]
[BlackElo "2668"]
[PlyCount "74"]
[EventDate "2015.01.18"]
[EventType "swiss"]
[EventRounds "9"]
[EventCountry "RUS"]

[SourceDate "2015.01.19"]

1. d4 g6 2. c4 Bg7 3. e4 d6 4. Nc3 e5 5. Nge2 Bd7 6. h4 Nf6 7. d5 a6 8. Ng3 h5
9. Bg5 a5 10. Bd3 Na6 11. a3 Qb8 12. Bc2 O-O 13. Qd2 Nc5 14. Bh6 Bxh6 15. Qxh6
Ng4 16. Qd2 Kh7 17. f3 Nh6 18. O-O-O a4 19. f4 Qe8 20. f5 b5 21. Rdf1 bxc4 22.
Nd1 gxf5 23. exf5 f6 24. Nf2 Ng4 25. Nfe4 Nd3+ 26. Bxd3 cxd3 27. Ng5+ Kg8 28.
Ne6 Bxe6 29. fxe6 Qb5 30. Nf5 Rfe8 31. Nh6+ Kg7 32. Nxg4 hxg4 33. Rf5 Qxd5 34.
Kb1 Qe4 35. Rhf1 Rxe6 36. h5 Qe2 37. Qc3 Qc2+ 0-1

[Event "Vladimir Dvorkovich Mem"]
[Site "Taganrog RUS"]
[Date "2015.01.19"]
[Round "2.4"]
[White "Lugovskoy, M."]
[Black "Volkov, Sergey1"]
[Result "1-0"]
[WhiteElo "2401"]
[BlackElo "2618"]
[PlyCount "81"]
[EventDate "2015.01.18"]
[EventType "swiss"]
[EventRounds "9"]
[EventCountry "RUS"]

[SourceDate "2015.01.19"]

1. d4 d5 2. c4 c6 3. Nc3 Nf6 4. Nf3 a6 5. Qc2 g6 6. e4 dxe4 7. Nxe4 Bg7 8. Be2
O-O 9. O-O b5 10. Nxf6+ exf6 11. Be3 Bf5 12. Qc3 bxc4 13. Bxc4 a5 14. d5 Be4
15. d6 Bxf3 16. gxf3 Nd7 17. Rad1 Rb8 18. b3 Re8 19. Rfe1 Ne5 20. Bd4 Bf8 21.
Bxe5 fxe5 22. Rxe5 Qd7 23. Rxa5 Rbd8 24. Qf6 Bg7 25. Qf4 Bc3 26. Rc5 Kg7 27.
Bf1 Bf6 28. Bc4 h6 29. a4 Bg5 30. Qg4 f5 31. Qd4+ Bf6 32. Qd3 f4 33. b4 Re5 34.
Rxe5 Bxe5 35. Qe4 Bxd6 36. a5 Qe7 37. a6 Qg5+ 38. Kh1 Bb8 39. Rg1 Qf6 40. Rxg6+
Qxg6 41. Qe7+ 1-0

[Event "Vladimir Dvorkovich Mem"]
[Site "Taganrog RUS"]
[Date "2015.01.19"]
[Round "2.5"]
[White "Goganov, A."]
[Black "Golubov, Saveliy"]
[Result "1/2-1/2"]
[WhiteElo "2615"]
[BlackElo "2377"]
[PlyCount "77"]
[EventDate "2015.01.18"]
[EventType "swiss"]
[EventRounds "9"]
[EventCountry "RUS"]

[SourceDate "2015.01.19"]

1. d4 Nf6 2. c4 e6 3. Nc3 Bb4 4. e3 O-O 5. Nge2 d5 6. a3 Be7 7. cxd5 exd5 8.
Nf4 c6 9. Bd3 Re8 10. O-O Nbd7 11. f3 Nb6 12. b4 a5 13. Rb1 axb4 14. axb4 Bd6
15. Kh1 Bxf4 16. exf4 Nc4 17. Re1 Rxe1+ 18. Qxe1 Qb6 19. Qf2 h5 20. h3 h4 21.
Ne2 Ra2 22. Qxh4 Bf5 23. Bxf5 Rxe2 24. Bd3 Ra2 25. f5 Na3 26. Bh6 gxh6 27. Qxf6
Nxb1 28. Qxh6 Qxb4 29. Qg5+ Kf8 30. Qd8+ Kg7 31. f6+ Kh6 32. Qg8 Qxd4 33. Qh7+
Kg5 34. Qf5+ Kh4 35. Kh2 Rf2 36. Qh7+ Kg5 37. Qf5+ Kh4 38. Qh7+ Kg5 39. Qf5+
1/2-1/2

[Event "Vladimir Dvorkovich Mem"]
[Site "Taganrog RUS"]
[Date "2015.01.19"]
[Round "2.6"]
[White "Gevorgyan, D."]
[Black "Korneev, O."]
[Result "0-1"]
[WhiteElo "2395"]
[BlackElo "2591"]
[PlyCount "64"]
[EventDate "2015.01.18"]
[EventType "swiss"]
[EventRounds "9"]
[EventCountry "RUS"]

[SourceDate "2015.01.19"]

1. d4 d5 2. c4 e6 3. Nf3 Nf6 4. Nc3 c6 5. Bg5 h6 6. Bxf6 Qxf6 7. Qb3 dxc4 8.
Qxc4 Nd7 9. e3 g6 10. Bd3 Bg7 11. h4 O-O 12. h5 g5 13. Bc2 Qe7 14. Qd3 f5 15.
g4 b5 16. O-O-O Bb7 17. e4 b4 18. Ne2 c5 19. gxf5 c4 20. Qe3 exf5 21. d5 f4 22.
Qd2 c3 23. Qe1 cxb2+ 24. Kb1 b3 25. Bxb3 Qxe4+ 26. Bc2 Qxf3 27. Rd3 Qe4 28. Re3
Qxd5 29. Bb3 fxe3 30. Qd1 Nb6 31. Bxd5+ Bxd5 32. fxe3 Be4+ 0-1

[Event "Vladimir Dvorkovich Mem"]
[Site "Taganrog RUS"]
[Date "2015.01.19"]
[Round "2.7"]
[White "Shimanov, A."]
[Black "Rozhko, D."]
[Result "1-0"]
[WhiteElo "2591"]
[BlackElo "2354"]
[PlyCount "95"]
[EventDate "2015.01.18"]
[EventType "swiss"]
[EventRounds "9"]
[EventCountry "RUS"]

[SourceDate "2015.01.19"]

1. d4 d5 2. c4 c6 3. Nf3 Nf6 4. Qb3 e6 5. Bg5 Be7 6. e3 O-O 7. Nc3 Nbd7 8. Rd1
a6 9. Qc2 b5 10. c5 b4 11. Na4 Ne4 12. Bf4 g5 13. Bg3 f5 14. Ne5 f4 15. Nxc6
Qe8 16. f3 fxg3 17. fxe4 Nf6 18. Nxe7+ Qxe7 19. Bd3 Ng4 20. hxg3 Nf2 21. O-O
Nxd1 22. Rxd1 Qc7 23. e5 Bb7 24. Nb6 Rae8 25. Qa4 Bc6 26. Qxb4 Qf7 27. Qe1 a5
28. Qe2 h5 29. Rf1 Qxf1+ 30. Qxf1 Rxf1+ 31. Bxf1 Kf7 32. a3 Ke7 33. b4 axb4 34.
axb4 Rb8 35. b5 Be8 36. e4 dxe4 37. Kf2 h4 38. g4 e3+ 39. Kxe3 Bg6 40. Be2 Rh8
41. c6 Kd8 42. Nc4 h3 43. gxh3 Rxh3+ 44. Bf3 Bd3 45. Nd6 Kc7 46. Ne8+ Kd8 47.
b6 Bb5 48. c7+ 1-0

[Event "Vladimir Dvorkovich Mem"]
[Site "Taganrog RUS"]
[Date "2015.01.19"]
[Round "2.8"]
[White "Lopukhin, A."]
[Black "Smirnov, P."]
[Result "0-1"]
[WhiteElo "2361"]
[BlackElo "2585"]
[PlyCount "96"]
[EventDate "2015.01.18"]
[EventType "swiss"]
[EventRounds "9"]
[EventCountry "RUS"]

[SourceDate "2015.01.19"]

1. d4 Nf6 2. Nf3 d5 3. e3 e6 4. Nbd2 c5 5. c3 Nc6 6. Bd3 Bd6 7. O-O O-O 8. dxc5
Bxc5 9. b4 Bd6 10. Bb2 b6 11. a3 a5 12. b5 Ne5 13. Nxe5 Bxe5 14. Nf3 Bd6 15. c4
dxc4 16. Bxc4 Bb7 17. Qd4 Qe7 18. Ne5 Rac8 19. Rac1 Bc5 20. Qc3 Ne4 21. Qc2
Bxa3 22. Bxa3 Qxa3 23. Nd7 Rfd8 24. Nxb6 Rd2 25. Qb3 Qxb3 26. Bxb3 Rxc1 27.
Rxc1 Rb2 28. Nc4 Rxb3 29. Nxa5 Rxb5 30. Nxb7 g5 31. Nd8 Rb2 32. f3 Nf6 33. Nc6
Nd5 34. Re1 f5 35. Ne5 Rc2 36. Kf1 f4 37. exf4 gxf4 38. Ng4 h5 39. Nf2 Kf7 40.
g3 Rc3 41. Kg2 Rc2 42. gxf4 Nxf4+ 43. Kg3 Ne2+ 44. Kh3 e5 45. Nd3 Kf6 46. Kh4
Kf5 47. Kxh5 Nf4+ 48. Nxf4 Rxh2+ 0-1

[Event "Vladimir Dvorkovich Mem"]
[Site "Taganrog RUS"]
[Date "2015.01.20"]
[Round "3.1"]
[White "Riazantsev, A."]
[Black "Timofeev, Arty"]
[Result "1-0"]
[WhiteElo "2684"]
[BlackElo "2568"]
[PlyCount "143"]
[EventDate "2015.01.18"]
[EventType "swiss"]
[EventRounds "9"]
[EventCountry "RUS"]

[SourceDate "2015.01.26"]

1. d4 d5 2. Nf3 Nf6 3. c4 dxc4 4. e3 e6 5. Bxc4 c5 6. O-O a6 7. Qe2 Nc6 8. Rd1
b5 9. dxc5 Qc7 10. Bd3 Bxc5 11. a3 O-O 12. Nbd2 Ne5 13. Nxe5 Qxe5 14. a4 b4 15.
Nc4 Qc7 16. e4 e5 17. h3 Be6 18. Bg5 Nd7 19. Rac1 h6 20. Bh4 a5 21. Nd2 Qa7 22.
Bc4 Bxc4 23. Rxc4 Bd4 24. Nf3 Nb6 25. Nxd4 exd4 26. Rcxd4 Nxa4 27. Qg4 Qa6 28.
Rd6 Qc8 29. Qg3 Kh7 30. Qb3 Nc5 31. Qd5 Ne6 32. b3 Qc5 33. Rc6 Qxd5 34. exd5 g5
35. dxe6 gxh4 36. Rd7 Kg7 37. Rcc7 Kf6 38. exf7 Kg7 39. Ra7 a4 40. Rxa4 Rxa4
41. bxa4 Rxf7 42. Rd3 Ra7 43. Rd4 Rb7 44. a5 b3 45. Rd1 Ra7 46. Rb1 Rxa5 47.
Rxb3 Ra1+ 48. Kh2 Ra4 49. Rb1 Kg6 50. Kg1 h5 51. Kf1 Kf5 52. Rb5+ Kg6 53. Rb2
Kf5 54. Rb5+ Kg6 55. Rd5 Ra2 56. Ke1 Rb2 57. Rd2 Rb5 58. Ke2 Kf5 59. Rd4 Kg5
60. Ke3 Rb2 61. Rd5+ Kg6 62. Rd2 Rb5 63. Ke4 Rb4+ 64. Rd4 Rb2 65. Rd6+ Kg7 66.
Ke3 Rb3+ 67. Kf4 Rb2 68. Kg5 Rxf2 69. Rg6+ Kh7 70. Kxh5 Rf5+ 71. Rg5 Rf4 72.
Rg4 1-0

[Event "Vladimir Dvorkovich Mem"]
[Site "Taganrog RUS"]
[Date "2015.01.20"]
[Round "3.2"]
[White "Bocharov, D."]
[Black "Khismatullin, D."]
[Result "1/2-1/2"]
[WhiteElo "2569"]
[BlackElo "2673"]
[PlyCount "54"]
[EventDate "2015.01.18"]
[EventType "swiss"]
[EventRounds "9"]
[EventCountry "RUS"]

[SourceDate "2015.01.26"]

1. d4 d5 2. c4 c6 3. Nf3 Nf6 4. Nc3 e6 5. e3 Nbd7 6. Qc2 Bd6 7. Bd3 O-O 8. O-O
dxc4 9. Bxc4 b5 10. Bd3 Bb7 11. Ng5 h6 12. Nge4 Be7 13. a3 Nxe4 14. Nxe4 a5 15.
Bd2 c5 16. dxc5 Nxc5 17. Nxc5 Bxc5 18. Qxc5 Qxd3 19. Bc3 Qd5 20. Qxd5 Bxd5 21.
Rfd1 a4 22. f3 Bb3 23. Rd7 Rfd8 24. Rb7 Rdb8 25. Rd7 Rd8 26. Rb7 Rdb8 27. Rd7
Rd8 1/2-1/2

[Event "Vladimir Dvorkovich Mem"]
[Site "Taganrog RUS"]
[Date "2015.01.20"]
[Round "3.3"]
[White "Fedoseev, Vl3"]
[Black "Gabrielian, A."]
[Result "1-0"]
[WhiteElo "2668"]
[BlackElo "2554"]
[PlyCount "95"]
[EventDate "2015.01.18"]
[EventType "swiss"]
[EventRounds "9"]
[EventCountry "RUS"]

[SourceDate "2015.01.26"]

1. d4 d5 2. c4 e6 3. Nf3 Nf6 4. Nc3 c5 5. cxd5 exd5 6. g3 Nc6 7. Bg2 Be7 8. O-O
O-O 9. Bg5 cxd4 10. Nxd4 h6 11. Be3 Re8 12. Rc1 Bf8 13. Nxc6 bxc6 14. Bd4 Bd7
15. e3 Nh7 16. Na4 Ng5 17. Bc5 Qf6 18. Bxf8 Rxf8 19. f4 Ne6 20. e4 Rfe8 21. e5
Qe7 22. Qd2 Rab8 23. a3 a5 24. f5 Nf8 25. Rce1 Qg5 26. Qf2 Bc8 27. Nc5 Kh8 28.
Bh3 Qh5 29. Kg2 Nh7 30. Qd4 Qg5 31. Rf2 Nf6 32. Ree2 Ng8 33. e6 fxe6 34. fxe6
Nf6 35. Re5 Qc1 36. Bf5 Qc4 37. Qe3 d4 38. Qf3 Qc1 39. Nd3 Qc4 40. Nc5 Qc1 41.
Nb3 Rxb3 42. Qxb3 Nd5 43. Rxd5 cxd5 44. Bg6 Rg8 45. Bf7 Qe3 46. Qxe3 dxe3 47.
Bxg8 exf2 48. e7 1-0

[Event "Vladimir Dvorkovich Mem"]
[Site "Taganrog RUS"]
[Date "2015.01.20"]
[Round "3.4"]
[White "Korneev, O."]
[Black "Kharchenko, B."]
[Result "1-0"]
[WhiteElo "2591"]
[BlackElo "2483"]
[PlyCount "83"]
[EventDate "2015.01.18"]
[EventType "swiss"]
[EventRounds "9"]
[EventCountry "RUS"]

[SourceDate "2015.01.26"]

1. e4 e5 2. Nf3 Nc6 3. Bb5 a6 4. Ba4 Nf6 5. O-O Be7 6. d3 b5 7. Bb3 O-O 8. Nc3
d6 9. a3 Bg4 10. Be3 Nd4 11. Bxd4 exd4 12. Nd5 c6 13. h3 Bxf3 14. Nxf6+ Bxf6
15. Qxf3 a5 16. a4 b4 17. Qg4 Ra7 18. f4 g6 19. g3 Kg7 20. h4 Qc8 21. Qf3 h5
22. Rae1 Qg4 23. e5 Be7 24. Qxg4 hxg4 25. f5 dxe5 26. Rxe5 Bd6 27. Re4 Bxg3 28.
Rxg4 Be5 29. fxg6 fxg6 30. Rxg6+ Kxg6 31. Rxf8 Bf6 32. h5+ Kg5 33. h6 Be5 34.
Re8 Bf4 35. Kg2 Kxh6 36. Kf3 Bc1 37. Ke4 Bxb2 38. Ke5 Kg7 39. Rg8+ Kh7 40. Kd6
Rg7 41. Rxg7+ Kxg7 42. Kxc6 1-0

[Event "Vladimir Dvorkovich Mem"]
[Site "Taganrog RUS"]
[Date "2015.01.20"]
[Round "3.5"]
[White "Zontakh, A."]
[Black "Shimanov, A."]
[Result "0-1"]
[WhiteElo "2540"]
[BlackElo "2591"]
[PlyCount "144"]
[EventDate "2015.01.18"]
[EventType "swiss"]
[EventRounds "9"]
[EventCountry "RUS"]

[SourceDate "2015.01.26"]

1. d4 d5 2. c4 c6 3. Nf3 Nf6 4. Nc3 a6 5. a4 e6 6. g3 c5 7. cxd5 cxd4 8. Nxd4
Nxd5 9. Bd2 Nb4 10. Nc2 Bd7 11. Bg2 Bc6 12. O-O Bxg2 13. Kxg2 N8c6 14. Rc1 Rc8
15. Be3 Qxd1 16. Rfxd1 Nxc2 17. Rxc2 Na5 18. Bf4 Nb3 19. e4 Bb4 20. Bd6 Bxd6
21. Rxd6 Na5 22. Rb6 Rc7 23. Rc1 Kd7 24. Rd1+ Ke7 25. Rb4 Rhc8 26. Kf1 Rc4 27.
Rd4 R4c7 28. Rd1 Rc4 29. Rd4 Rxd4 30. Rxd4 Rc6 31. Rb4 Kd6 32. Rd4+ Kc7 33. Ke2
Rb6 34. Nd1 Nc6 35. Rd2 Rb4 36. Nc3 Na5 37. Rc2 Kd6 38. f4 f6 39. Kd3 e5 40.
fxe5+ Kxe5 41. Rf2 g6 42. Kc2 Rd4 43. b3 Nc6 44. Re2 Nb4+ 45. Kb2 h5 46. Ka3
Nd3 47. Rd2 Nc5 48. Rc2 Ne6 49. Re2 Rd3 50. Kb2 Nd4 51. Rf2 a5 52. Rg2 g5 53.
Rf2 g4 54. Rg2 Nf3 55. Nd5 Nd4 56. Nc3 Ne6 57. Rf2 Rf3 58. Re2 Nc5 59. Kc2 Ne6
60. Kb2 Nd4 61. Rd2 Re3 62. Rf2 Re1 63. Rd2 Rh1 64. Rf2 Nf3 65. h4 Rh2 66. Rxh2
Nxh2 67. Ne2 Nf1 68. b4 axb4 69. Kb3 Kxe4 70. Kxb4 Kf3 71. Nd4+ Kxg3 72. Nf5+
Kf3 0-1